Представление документа в формате RUSMARC

ПолеНазваниеЗначение
  Тип записи a
  Библиографический уровень m
001 Контрольный номер RU/CBS_UL/BASE/7c87ac7903a54e329aaa6d6a84e99745
005 Дата корректировки 20260427110516.5
010 Индекс ISBN __
a ISBN 978-5-6053352-3-8
b Уточнения в пер.
d Цена 140 р. 00 к.
9 Тираж 1 000 экз.
100 Данные общей обработки __
a Данные общей обработки 20260427d 0rusy0189## ca
101 Язык документа 0_
a Язык текста rus
102 Страна публикации __
a Страна публикации RU
200 Заглавие и сведения об ответственности 1_
a Заглавие Фокус на результате
e Сведения, относящиеся к заглавию 25 принципов лидера для достижения бизнес-целей
f Первые сведения об ответственности А. Еленкин
210 Выходные данные 1_
a Место издания Ульяновск
c Издательство Инкред
d Дата издания 2025
215 Физическое описание __
a Объем 187 с.
d Формат 22 см.
300 Общие примечания __
a Общие примечания 16+
300 Общие примечания __
a Общие примечания Краеведческий фонд МБУК ЦБС
606 Тематические рубрики 0_
a Основная рубрика Общие основы экономики предприятия
610 Ключевые слова 0_
a Ключевые слова экономика; общие основы экономики; управление финансами; прибыль; подбор персонала; мотивация персонала; продажи; репутация компаний
686 Индексы других классификаций __
2 Код системы rubbk
a Классификационный индекс 65.290
700 Автор _1
a Фамилия Еленкин
b Имя (инициалы) А. Г.
g Полное личное имя Анатолий Георгиевич
801 Источник записи _0
a Страна RU
b Организация МБУК ЦБС г. Ульяновска
c Дата составления 20260427
g Правила каталогизации RCR
801 Источник записи _1
a Страна RU
b Организация МБУК ЦБС г. Ульяновска
c Дата составления 20260427
g Правила каталогизации RCR
852 Данные о местонахождении __
i Авторский знак Е 50
j Шифр хранения 65.290
900 Электронные ресурсы __
a Имя электронного ресурса еленкин фокус
901 Тип документа __
t Тип документа m
909 Создатель записи __
a Создатель записи obr6
b Дата создания записи 20260427